Statistics for Nearest Capital City to...

Click here to take the quiz!

General Stats

  • This quiz has been taken 932 times
    (698 since last reset)
  • The average score is 10 of 15

Answer Stats

HintAnswer% Correct
Great Pyramids of GizaCairo
99%
Mount EverestKathmandu
86%
The HagueAmsterdam
84%
BaliJakarta
83%
Ancient City of CarthageTunis
78%
KashmirIslamabad
75%
JerseyLondon
74%
Key WestHavana
67%
ZanzibarDodoma
65%
Angkor WatPhnom Penh
64%
KaliningradWarsaw
61%
IbizaAlgiers
58%
Lake VictoriaKampala
57%
Lake MaracaiboCaracas
44%
Socotra IslandSana'a
29%

Score Distribution

Percentile by Number Answered

Percent of People with Each Score

Your Score History

You have not taken this quiz since the last reset